000 00861nam a22002297a 4500
999 _c6365
_d6365
003 AR-CdUCM
008 190315b ||||| |||| 00| 0 spa d
040 _aMUNICIPALIDAD PROVINCIAL DEL CUSCO
_cBIBLIOTECA MUNICIPAL DEL CUSCO
082 _a030 /
_bG24
100 _aMachado, Antonio
_95092
245 _aPoesía selecta :
_bLos mejores libros de la literatura española /
260 _aLima :
_bEditora de Publicaciones Gente,
_c1987.
300 _a128 páginas :
_c17 cm.
500 _aEdición gratuita con la revista Gente (Lima-Perú) por su 3º aniversario.
505 _aContenido: Soledades (1899-1907) -- Del Camino -- Campos de Castilla (1907-1917) -- Elogios.
650 _aLiteratura española
_9362
650 _aColecciones
_9607
650 _aSIglo XX
_97898
700 _aBanco de la Nación
_918155
942 _2ddc
_cLIBROS
945 _adavv